Bundesliga TOP 50: Ausländische Spieler des FC Bayern München - Statistiken

Allgemein
  • Dieses Quiz wurde 1.400 mal gespielt
  • Das Durchschnittsergebnis liegt bei 27 aus 50
Antwortstatistiken
Rang Nation Spiele Position Zeitraum Spieler % Korrekt
2 FRA 273 MF 2007 - 2019 Franck Ribéry
98%
3 POL 253 ST 2014 - 2022 Robert Lewandowski
98%
6 NED 201 MF 2009 - 2019 Arjen Robben
97%
1 AUT 281 V 2010 - 2021 David Alaba
97%
5 PER 224 ST 2001 - 20072012 - 2015 Claudio Pizarro
88%
16 FRA 162 MF 2015 - 2022 Kingsley Coman
85%
27 CAN 88 V 2019 - 2022 Alphonso Davies
82%
20 ESP 150 MF 2013 - 2020 Thiago
82%
14 ESP 165 MF 2012 - 2021 Javi Martínez
80%
12 BRA 169 ST 1997 - 2003 Giovane Élber
77%
48 CRO 54 ST 2012 - 2014 Mario Mandžukić
74%
33 CHI 79 MF 2015 - 2018 Arturo Vidal
72%
27 FRA 88 V 2019 - 2022 Benjamin Pavard
72%
45 ITA 60 ST 2007 - 2009 Luca Toni
71%
9 BRA 179 V 2011 - 2019 Rafinha
71%
17 BEL 158 V 2006 - 2014 Daniel Van Buyten
70%
37 FRA 71 V 2019 - 2022 Lucas Hernández
70%
29 BRA 86 V 2012 - 2015 Dante
69%
46 CRO 55 ST 2009 - 2012 Ivica Olić
66%
36 FRA 72 MF 2017 - 2022 Corentin Tolisso
64%
11 ARG 174 V 2003 - 2010 Martín Demichelis
64%
44 BRA 61 MF 2015 - 20172020 - 2021 Douglas Costa
63%
4 BIH 234 MF 1998 - 2007 Hasan Salihamidžić
62%
22 BRA 144 V 2004 - 2009 Lúcio
62%
23 NED 129 ST 2003 - 2007 Roy Makaay
62%
50 SUI 52 MF 2012 - 2015 Xherdan Shaqiri
62%
24 NED 123 MF 2006 - 2011 Mark van Bommel
61%
8 FRA 183 V 1997 - 20042005 - 2006 Bixente Lizarazu
58%
43 TUR 63 MF 2007 - 2011 Hamit Altıntop
58%
12 BRA 169 MF 2002 - 20062007 - 2009 Zé Roberto
57%
19 PAR 155 ST 1999 - 2007 Roque Santa Cruz
55%
7 FRA 184 V 2000 - 2009 Willy Sagnol
54%
21 ENG 145 MF 2000 - 2007 Owen Hargreaves
49%
10 GHA 175 MF 1994 - 2005 Samuel Kuffour
43%
42 BRA 64 MF 2011 - 2013 Luiz Gustavo
41%
18 BEL 156 TW 1982 - 1988 Jean-Marie Pfaff
37%
25 CRO 94 V 2001 - 2005 Robert Kovač
36%
35 ESP 76 MF 2014 - 2018 Juan Bernat
35%
46 CRO 55 MF 2009 - 2012 Danijel Pranjić
32%
29 UKR 86 MF 2009 - 2013 Anatoliy Tymoshchuk
30%
34 BRA 77 ST 1999 - 2002 Paulo Sérgio
30%
49 DEN 53 ST 1990 - 1992 Brian Laudrup
28%
40 SUI 66 MF 1995 - 19962000 - 2002 Ciriaco Sforza
22%
26 DEN 89 MF 1983 - 1986 Søren Lerby
15%
39 BRA 67 MF 1992 - 1995 Jorginho
11%
40 NED 66 MF 1991 - 1993 Jan Wouters
8%
15 DEN 164 V 1970 - 1976 Johnny Hansen
6%
37 SLO 71 MF 1977 - 1980 Branko Oblak
4%
32 SWE 81 ST 1973 - 1977 Conny Torstensson
4%
31 AUT 84 V 1968 - 1971 Peter Pumm
2%
Keine übereinstimmenden Quizze gefunden
Verteilung der Resultate
Anzahl Personen mit jedem Resultat
Perzentil nach korrekt beantworteten Fragen
Ihre Resultats-Entwicklung
Sie haben dieses Quiz noch nicht gespielt